000 00657nam a2200229Ia 4500
003 OSt
005 20221005130507.0
006 a|||||r|||| 00| 0
007 ta
008 221004b |||||||| |||| 00| 0 eng d
024 _a50738
037 _cTextual
040 _aCRL
_cCRL
_beng
041 _2eng
_aeng
082 _aQ11:42, G0.1
100 _aApte Vinayak Mahadev
_9635926
245 0 _aRgveda mantras in their ritual setting in the Grhyasutras with special reference to the Asvalayana Grhyasutra
260 _c1930
650 _aRELIGION
942 _hQ11:42, G0.1
_cTEXL
_2cc
999 _c1057438
_d1057438